[Event "SVK-chT2D 1920"]
[White "Zigo, Pavol"]
[Black "Marko, Maxim"]
[Site "Slovakia"]
[Round "5.8"]
[Result "1/2-1/2"]
[Date "2019.12.14"]
[WhiteElo "1788"]
[BlackElo "1559"]
[PlyCount "114"]
[EventDate "2019.10.26"]
[EventType "team-tourn"]
[EventRounds "11"]
[EventCountry "SVK"]
[SourceTitle "CBM 194 Extra"]
[Source "ChessBase"]
[SourceDate "2020.03.31"]
[SourceVersion "1"]
[SourceVersionDate "2020.03.31"]
[SourceQuality "1"]
[WhiteTeam "Kosice Slavia UPJS III"]
[BlackTeam "Kosice Slavia TU IV"]
[WhiteTeamCountry "SVK"]
[BlackTeamCountry "SVK"]

1. d4 g6 2. e4 Bg7 3. Nc3 Nc6 4. Nf3 d6 5. h3 a6 6. a3 Nf6 7. d5 Nb8 8. Bc4 0-0 9. 0-0 Re8 10. Bg5 Nbd7 11. Qd2 Nc5 12. Rfe1 Nfd7 13. b4 Nb6 14. Bb3 Nxb3 15. cxb3 Bd7 16. Rac1 c6 17. a4 Rc8 18. a5 Na8 19. Na4 cxd5 20. exd5 Rxc1 21. Rxc1 Bxa4 22. bxa4 Nc7 23. Be3 Qd7 24. Bb6 Na8 25. Qc2 Bh6 26. Be3 Bxe3 27. fxe3 e6 28. e4 Kg7 29. Qc3+ e5 30. Qc2 Re7 31. Qc8 Qxc8 32. Rxc8 Nc7 33. Rb8 Ne8 34. b5 f5 35. Nd2 Kf6 36. Kf2 h5 37. h4 g5 38. hxg5+ Kxg5 39. Rd8 axb5 40. axb5 Nc7 41. b6 Nb5 42. exf5 Kxf5 43. Nc4 Ke4 44. Nxd6+ Nxd6 45. Rxd6 Kd4 46. Ke2 Kc5 47. Rd8 Rg7 48. Kf3 Kb5 49. Ra8 h4 50. Ra7 e4+ 51. Kxe4 Rxg2 52. Rxb7 Kxa5 53. Rh7 Kxb6 54. Rxh4 Rd2 55. Rh6+ Kc7 56. Re6 Kd7 57. Ke5 Re2+ 1/2-1/2

[Event "SVK-ch U12"]
[White "Sobek, Michal"]
[Black "Marko, Maxim"]
[Site "Liptovsky Mikulas"]
[Round "4"]
[Result "1-0"]
[Date "2017.04.24"]
[WhiteElo "1958"]
[BlackElo "1508"]
[PlyCount "87"]
[EventDate "2017.04.22"]
[EventType "swiss"]
[EventRounds "9"]
[EventCountry "SVK"]
[SourceTitle "CBM 178 Extra"]
[Source "ChessBase"]
[SourceDate "2017.06.22"]
[SourceVersion "1"]
[SourceVersionDate "2017.06.22"]
[SourceQuality "1"]

1. e4 e5 2. Nf3 d6 3. d4 exd4 4. Qxd4 Bg4 5. Nc3 Nd7 6. Bc4 Ngf6 7. Bf4 Nh5 8. Bg5 Be7 9. Bxe7 Qxe7 10. Nd5 Qd8 11. 0-0-0 Be6 12. Rhe1 0-0 13. h3 Rb8 14. Nc3 Bxc4 15. Qxc4 Nb6 16. Qb5 Nf4 17. e5 Re8 18. Qb4 Ng6 19. Qb3 Nf8 20. Nd5 Ne6 21. Qb4 Nc5 22. Qg4 Nxd5 23. Rxd5 Re6 24. Red1 b6 25. Qf5 Qe7 26. Nd4 Qe8 27. Nf3 Qe7 28. b4 Nb7 29. a3 Re8 30. exd6 cxd6 31. Qd3 Qf6 32. Kb1 h6 33. Rf5 Qg6 34. Nh4 Qh7 35. Qf3 R6e7 36. Qd5 Rc8 37. Rd3 Rcc7 38. f4 Re2 39. Rc3 Ree7 40. Rxf7 Rxf7 41. Rxc7 Nd8 42. Rd7 g5 43. Rxd8+ Kg7 44. Qd4+ 1-0

[Event "SVK-ch U12"]
[White "Marko, Maxim"]
[Black "Kotora, Marko"]
[Site "Liptovsky Mikulas"]
[Round "1"]
[Result "1-0"]
[Date "2017.04.22"]
[WhiteElo "1508"]
[BlackElo "1266"]
[PlyCount "49"]
[EventDate "2017.04.22"]
[EventType "swiss"]
[EventRounds "9"]
[EventCountry "SVK"]
[SourceTitle "CBM 178 Extra"]
[Source "ChessBase"]
[SourceDate "2017.06.22"]
[SourceVersion "1"]
[SourceVersionDate "2017.06.22"]
[SourceQuality "1"]

1. e4 e5 2. Nf3 Nc6 3. d4 exd4 4. Nxd4 Nxd4 5. Qxd4 c5 6. Qa4 Nf6 7. Nc3 a6 8. Bc4 Bd6 9. Bg5 h6 10. Bh4 g5 11. Bg3 Bxg3 12. fxg3 0-0 13. 0-0 Re8 14. Qb3 Rf8 15. e5 d5 16. Nxd5 Nd7 17. Nf6+ Kg7 18. Nh5+ Kg8 19. Bxf7+ Kh8 20. Rad1 Qe7 21. Rd6 Rxf7 22. Rxf7 Qxe5 23. Rxh6+ Kg8 24. Rf5+ c4 25. Qxc4+ 1-0

[Event "SVK-ch U12"]
[White "Veres, Simon"]
[Black "Marko, Maxim"]
[Site "Liptovsky Mikulas"]
[Round "8"]
[Result "1-0"]
[Date "2016.04.22"]
[WhiteElo "1441"]
[BlackElo "1503"]
[PlyCount "103"]
[EventDate "2016.04.16"]
[EventType "swiss"]
[EventRounds "9"]
[EventCountry "SVK"]
[SourceTitle "CBM 172 Extra"]
[Source "ChessBase"]
[SourceDate "2016.06.21"]
[SourceVersion "1"]
[SourceVersionDate "2016.06.21"]
[SourceQuality "1"]

1. e4 e6 2. d4 d5 3. Nd2 Nc6 4. c3 Nf6 5. e5 Nd7 6. Bd3 f6 7. exf6 Qxf6 8. Ne2 Bd6 9. Nf3 0-0 10. Bg5 Qf7 11. Qc2 Qh5 12. 0-0-0 Rxf3 13. gxf3 Qxg5+ 14. Kb1 e5 15. Bxh7+ Kf8 16. Rdg1 Qf6 17. Rg6 Qxf3 18. Rhg1 Nf6 19. Rxg7 Ne7 20. Ka1 Nxh7 21. Qxh7 Ke8 22. dxe5 Bc5 23. b4 Qxe2 24. bxc5 Qxe5 25. Rxe7+ Qxe7 26. Rg8+ Kd7 27. Rg7 Qxg7 28. Qxg7+ Kc6 29. Qf8 b6 30. cxb6 axb6 31. h4 Bb7 32. Qf6+ Kc5 33. h5 Ra4 34. h6 d4 35. cxd4+ Rxd4 36. h7 Rd1+ 37. Kb2 Rh1 38. h8Q Rxh8 39. Qxh8 b5 40. f4 Bd5 41. Qe5 c6 42. f5 Kc4 43. f6 b4 44. Qe7 c5 45. f7 Bxf7 46. Qxf7+ Kb5 47. Kb3 c4+ 48. Qxc4+ Ka5 49. Qxb4+ Ka6 50. Kc4 Ka7 51. Kc5 Ka8 52. Kc6 1-0

[Event "SVK-ch U12"]
[White "Bochnicka, Vladimir1"]
[Black "Marko, Maxim"]
[Site "Liptovsky Mikulas"]
[Round "2"]
[Result "1-0"]
[Date "2016.04.17"]
[WhiteElo "1757"]
[BlackElo "1503"]
[PlyCount "59"]
[EventDate "2016.04.16"]
[EventType "swiss"]
[EventRounds "9"]
[EventCountry "SVK"]
[SourceTitle "CBM 172 Extra"]
[Source "ChessBase"]
[SourceDate "2016.06.21"]
[SourceVersion "1"]
[SourceVersionDate "2016.06.21"]
[SourceQuality "1"]

1. e4 e6 2. d4 d5 3. exd5 exd5 4. c4 Bb4+ 5. Nc3 Nf6 6. Bd3 0-0 7. Nge2 c5 8. 0-0 Be6 9. cxd5 Nxd5 10. Nxd5 Qxd5 11. a3 Ba5 12. dxc5 Rd8 13. Nf4 Qxc5 14. Be3 Qe5 15. Rc1 Nc6 16. b4 Bc7 17. b5 Ne7 18. Bxh7+ Kxh7 19. Qc2+ Ng6 20. Qxc7 Qxb5 21. Nxe6 fxe6 22. Rb1 Qd3 23. Rxb7 Rg8 24. h3 Qxa3 25. Bd4 Rac8 26. Qf7 e5 27. Qf5 Kh6 28. Be3+ Nf4 29. g4 g5 30. Rh7# 1-0

[Event "SVK-ch U10"]
[White "Kostolansky, Sebastian Lukas"]
[Black "Marko, Maxim"]
[Site "Tatralandia"]
[Round "9"]
[Result "1/2-1/2"]
[Date "2015.04.25"]
[WhiteElo "1000"]
[BlackElo "1197"]
[PlyCount "85"]
[EventDate "2015.04.18"]
[EventType "swiss"]
[EventRounds "9"]
[EventCountry "SVK"]
[SourceTitle "CBM 166 Extra"]
[Source "ChessBase"]
[SourceDate "2015.06.18"]
[SourceVersion "1"]
[SourceVersionDate "2015.06.18"]
[SourceQuality "1"]

1. e4 e6 2. d4 d5 3. Nd2 c5 4. exd5 exd5 5. dxc5 Bxc5 6. Nb3 Bb6 7. Bd3 Nf6 8. Ne2 Ng4 9. 0-0 Qh4 10. Bf4 Nxf2 11. Bb5+ Nc6 12. Rxf2 Qxf2+ 13. Kh1 a6 14. Ba4 0-0 15. Bg3 Qf6 16. Qxd5 Be6 17. Qh5 Qxb2 18. Rf1 Qxc2 19. Bxc6 Qxc6 20. Be5 Bxb3 21. axb3 Qg6 22. Qf3 Rac8 23. Nf4 Qc6 24. Qg4 Qh6 25. Nd5 Rc1 26. Ne7+ Kh8 27. Bxg7+ Qxg7 28. Qxg7+ Kxg7 29. Rxc1 Rd8 30. Nf5+ Kg6 31. Nh4+ Kh5 32. Nf3 Rd3 33. Rb1 f6 34. h3 f5 35. g4+ fxg4 36. hxg4+ Kh6 37. Kg2 Rd5 38. Re1 Bd8 39. Re8 a5 40. Ne5 Kg7 41. Kf3 Kf6 42. g5+ Kg7 43. Ke4 1/2-1/2

[Event "SVK-ch U10"]
[White "Marko, Maxim"]
[Black "Brnusak, Tomas"]
[Site "Tatralandia"]
[Round "5"]
[Result "0-1"]
[Date "2015.04.21"]
[WhiteElo "1197"]
[BlackElo "1611"]
[PlyCount "80"]
[EventDate "2015.04.18"]
[EventType "swiss"]
[EventRounds "9"]
[EventCountry "SVK"]
[SourceTitle "CBM 166 Extra"]
[Source "ChessBase"]
[SourceDate "2015.06.18"]
[SourceVersion "1"]
[SourceVersionDate "2015.06.18"]
[SourceQuality "1"]

1. e4 c5 2. Nf3 e6 3. d4 cxd4 4. Nxd4 Nc6 5. Nc3 Qc7 6. g3 Bc5 7. Ncb5 Qb8 8. Be3 Bb6 9. Nxc6 bxc6 10. Bf4 e5 11. Nd6+ Kf8 12. Bxe5 f6 13. Qh5 g6 14. Qf3 Ba5+ 15. Kd1 Bd8 16. Nf7 Qb6 17. Nxh8 Kg7 18. Bc3 Kxh8 19. e5 f5 20. g4 d5 21. Qf4 Be6 22. b3 Be7 23. Qg3 Rf8 24. f3 Qe3 25. Bd2 Qc5 26. b4 Qb6 27. Qf4 fxg4 28. Qg3 gxf3 29. Rg1 Bf5 30. Bc3 d4 31. Bd2 Bxb4 32. Rb1 Qc5 33. Bd3 Bxd3 34. cxd3 Bxd2 35. Kxd2 Qc3+ 36. Kd1 Qxd3+ 37. Kc1 Qe3+ 38. Kc2 Qe2+ 39. Kb3 Rb8+ 40. Ka3 Qa6# 0-1

[Event "SVK-ch U10"]
[White "Marko, Maxim"]
[Black "Vadila, Ondrej"]
[Site "Stara Lubovna"]
[Round "1"]
[Result "1/2-1/2"]
[Date "2014.04.05"]
[WhiteElo "1000"]
[BlackElo "1270"]
[PlyCount "121"]
[EventDate "2014.04.05"]
[EventType "swiss"]
[EventRounds "9"]
[EventCountry "SVK"]
[SourceTitle "EXT 2016"]
[Source "ChessBase"]
[SourceDate "2015.10.08"]
[SourceVersion "1"]
[SourceVersionDate "2015.10.08"]
[SourceQuality "1"]

1. c4 c6 2. Nc3 Nf6 3. g3 d5 4. e3 e5 5. Nf3 Bg4 6. d3 Bb4 7. Bd2 d4 8. exd4 exd4 9. Qe2+ Be7 10. Ne4 0-0 11. Bg2 Re8 12. 0-0 Na6 13. Bg5 Nxe4 14. Qxe4 Bxf3 15. Bxe7 Qxe7 16. Qxe7 Rxe7 17. Bxf3 Nc5 18. Rad1 a5 19. a3 Nb3 20. Rde1 Ree8 21. Rxe8+ Rxe8 22. Be4 Nd2 23. Rd1 Nxe4 24. dxe4 Rxe4 25. f3 Re2 26. Rxd4 Kf8 27. b3 Re3 28. b4 Rxf3 29. Rd7 axb4 30. axb4 b5 31. Rc7 Rf6 32. cxb5 cxb5 33. Rb7 Rf5 34. g4 Rg5 35. Kf2 h5 36. h3 hxg4 37. hxg4 Ke8 38. Kf3 f6 39. Kf4 Kd8 40. Rf7 Kc8 41. Ra7 g6 42. Rf7 Rd5 43. Ke4 Rd6 44. Rg7 g5 45. Kf5 Kd8 46. Rf7 Rd4 47. Kxf6 Rxb4 48. Kxg5 Rb1 49. Kf5 Ke8 50. Rb7 b4 51. g5 b3 52. Ke4 b2 53. Kd3 Rd1+ 54. Kc2 Rg1 55. Rxb2 Rxg5 56. Rb8+ Kd7 57. Rb7+ Kc6 58. Rb3 Rg2+ 59. Kc3 Rg3+ 60. Kc4 Rg4+ 61. Kc3 1/2-1/2